000 00389 a2200169 4500
001 70893
020 _a8516028291
040 _cAnchieta - Itaigara
100 _aSanta Rosa, Nereide Schilaro
240 1 0 _aBrinquedos e brincadeiras
_lpor
245 1 0 _aBrinquedos e brincadeiras
300 _a31
362 0 _a2001
440 1 _aModerna
650 4 _aFolclore brasileiro
942 _cBK
999 _c70893
_d70893